000 02089njm a2200301Ia 4500
001 H8627
003 IT-RoPAU
005 20220918181155.0
008 131025s9999 xx 000 0 und d
040 _aIT-RoPAU
040 _cIT-RoPAU
041 _aITALIANO
999 _c102501
_d102501
999 _bn.d.
100 _aAA.VV.
_9794
100 _eAutore musica
_933681
100 _gCodice autore musica SPICS: 12000
_9796
245 _aFioretti dei Padri del deserto. Antologia di detti dei monaci del IV secolo
250 _a1a ed.
260 _aMILANO
260 _bMULTIMEDIA SAN PAOLO
_c2008 [1a Ed.:2008 - Ed. Lingua Orig.: 2008]
300 _aCOMPACT DISC
500 _aParlato religioso con musica di sottofondo e stacchi musicali. File in Mp3.
505 _aDiviso in 6 Capitoli. 1 E' forse qui la misericordia di Dio? - Va vendi tutto quello che hai - Beati i misericordiosi - Guardatevi dagli uomini - Pregate e vigilate - Non giudicate - Porgi l'altra guancia - Se qualcuno viene a me. 2 Tu quando preghi chiuditi in camera - Perchè digiunare - Ogni volta che avete fatto queste cose - Preghiera del giusto - Chi ha pietà dei poveri impresta a Dio - Se il tuo occhio è malato - Ero affamato - Siate semplici come colombe. 3 Alzati e abbi fede - Preghiera del cuore - Chi si umilia sarà esaltato - Dono compunzione - Non abbiate paura - Valore della sofferenza - Rimetti a noi i nostri Ddbiti - Dov'è il tuo piccolo Vangelo. 4 A te si abbandona il povero - Dio padre di misericordia - Non chi dice Signore Signore - Ecco parte di Cristo - Dio mi vede - Marco il folle. 5 Vita di santo Andronico e sua moglie Anastasia - Lascia ciò che porti - A proposito della monaca che si fingeva ubriaca. 6 Dove due di voi sono uniti - Monaco di nome Lula - Santo mendicante - Io sono straniero su questa terra - Io sono matto! - Non dire falsa testimonianza.
511 _aDizione di Nardacci Benedetto
650 _aRELIGIOSO [COMPACT DISC]
_eCodice MATERIA SPICS: 9949
_914031
700 _aAA.VV.
_eAutore testo e musica
_gCodice autore testo/musica SPICS: 12000
_933682
942 _cCD
_2ddc